000 00436nam a2200181Ia 4500
008 230524s9999 xx 000 0 und d
020 _a9788123048738
082 _a658.5752
_bCHI
100 _aA.K. Chitale
245 0 _aProduct Design and Manufacturing
250 _a6
260 _aNew Delhi
_bPHI
_c2013
300 _a"1,576p,"
500 _aQuantity Number: 50
650 _aMechanics
700 _aR.C. Gupta
942 _cBK
999 _c54600
_d54600